000
00260nam a22001217a 4500
008
171018b xxu||||| |||| 00| 0 eng d
041
_a
eng
080
_a
338
100
_a
53
101
_a
MNG
245
_a
SANTATION MANAGEMENT
_c
CICHY, R.F
942
_2
udc
_c
BK
999
_c
34538
_d
34538